[Event "ROM-ch U18"]
[Site "Calimanesti Caciulata"]
[Date "2019.04.18"]
[Round "5"]
[White "Carasca, Andrei Pavel"]
[Black "Panc, Samuel"]
[Result "0-1"]
[WhiteElo "1531"]
[BlackElo "1853"]
[PlyCount "66"]
[EventDate "2019.04.15"]
[EventType "swiss"]
[EventRounds "9"]
[EventCountry "ROU"]
[SourceTitle "CBM 190 Extra"]
[Source "ChessBase"]
[SourceDate "2019.07.15"]
[SourceVersion "1"]
[SourceVersionDate "2019.07.15"]
[SourceQuality "1"]

1. d4 f5 2. g3 Nf6 3. Bg2 e6 4. Nf3 d5 5. 0-0 Bd6 6. c4 c6 7. b3 Qe7 8. Bb2 0-0 9. Qc1 b6 10. Ba3 Bb7 11. Bxd6 Qxd6 12. Nbd2 Nbd7 13. Qb2 a5 14. a3 c5 15. e3 Ne4 16. Rfd1 Qe7 17. Ne5 Rfd8 18. f4 Nxe5 19. dxe5 g5 20. Nxe4 fxe4 21. cxd5 exd5 22. f5 d4 23. exd4 cxd4 24. Rxd4 Qc5 25. Rad1 Rxd4 26. Qxd4 Rd8 27. Qxc5 Rxd1+ 28. Kf2 bxc5 29. e6 e3+ 30. Ke2 Rd2+ 31. Kxe3 Rxg2 32. f6 Bd5 33. e7 Kf7 0-1

[Event "ROM-ch U18"]
[Site "Calimanesti"]
[Date "2018.04.01"]
[Round "7"]
[White "Apahidean, Ioan"]
[Black "Carasca, Andrei Pavel"]
[Result "1/2-1/2"]
[WhiteElo "1898"]
[BlackElo "1486"]
[PlyCount "70"]
[EventDate "2018.03.27"]
[EventType "swiss"]
[EventRounds "9"]
[EventCountry "ROU"]
[SourceTitle "CBM 183 Extra"]
[Source "ChessBase"]
[SourceDate "2018.04.19"]
[SourceVersion "1"]
[SourceVersionDate "2018.04.19"]
[SourceQuality "1"]

1. c4 Nf6 2. Nc3 c5 3. g3 g6 4. Bg2 Bg7 5. Nf3 Nc6 6. d4 cxd4 7. Nxd4 Nxd4 8. Qxd4 0-0 9. 0-0 a6 10. b3 d5 11. Bb2 e5 12. Qd1 d4 13. Nd5 Nxd5 14. Bxd5 Qb6 15. Kh1 Bh3 16. Re1 Be6 17. e4 Bxd5 18. cxd5 f5 19. f3 fxe4 20. fxe4 Rf2 21. Ba3 Bf8 22. Bxf8 Raxf8 23. Qd3 Qf6 24. Kg1 Rf3 25. Qc4 Rc3 26. Rf1 Rxc4 27. Rxf6 Rxf6 28. bxc4 Rc6 29. Rf1 Kg7 30. c5 Rf6 31. a4 Rxf1+ 32. Kxf1 Kf7 33. a5 Ke7 34. Ke2 Kd7 35. Kd3 Kc7 1/2-1/2

[Event "ROM-ch U18"]
[Site "Calimanesti"]
[Date "2018.03.30"]
[Round "5"]
[White "Carasca, Andrei Pavel"]
[Black "Stan, Andrei Mihaita"]
[Result "0-1"]
[WhiteElo "1486"]
[BlackElo "1879"]
[PlyCount "66"]
[EventDate "2018.03.27"]
[EventType "swiss"]
[EventRounds "9"]
[EventCountry "ROU"]
[SourceTitle "CBM 183 Extra"]
[Source "ChessBase"]
[SourceDate "2018.04.19"]
[SourceVersion "1"]
[SourceVersionDate "2018.04.19"]
[SourceQuality "1"]

1. d4 Nf6 2. c4 e6 3. Nf3 Bb4+ 4. Bd2 Bxd2+ 5. Qxd2 0-0 6. Nc3 d6 7. e3 Qe7 8. Be2 e5 9. dxe5 dxe5 10. e4 Rd8 11. Nd5 Nxd5 12. cxd5 c6 13. Bc4 Bg4 14. Qc3 Nd7 15. dxc6 bxc6 16. Bb3 Nc5 17. Nxe5 Qxe5 18. f3 Qxc3+ 19. bxc3 Nxb3 20. axb3 Be6 21. b4 Bc4 22. Kf2 Rd2+ 23. Kg3 Rc2 24. Rhd1 g6 25. Rd6 Bb5 26. Ra3 Re8 27. Rd7 a6 28. Rd4 Rc8 29. e5 c5 30. Rf4 cxb4 31. cxb4 Bf1 32. Kh3 Rxg2 33. Ra1 Rcc2 0-1

[Event "ROM-ch U16"]
[Site "Calimanesti Caciulata"]
[Date "2016.04.25"]
[Round "9"]
[White "Pasca, Mihai Alexandru"]
[Black "Carasca, Andrei Pavel"]
[Result "1-0"]
[WhiteElo "1585"]
[BlackElo "1482"]
[PlyCount "83"]
[EventDate "2016.04.18"]
[EventType "swiss"]
[EventRounds "9"]
[EventCountry "ROU"]
[SourceTitle "EXT 2017"]
[Source "ChessBase"]
[SourceDate "2016.10.25"]
[SourceVersion "1"]
[SourceVersionDate "2016.10.25"]
[SourceQuality "1"]

1. e4 c5 2. c3 Nf6 3. e5 Nd5 4. d4 cxd4 5. Nf3 Nc6 6. cxd4 d6 7. Bc4 Nb6 8. Bb5 a6 9. Bxc6+ bxc6 10. Nc3 Bg4 11. Qd3 g6 12. Bf4 d5 13. b3 e6 14. a3 Nd7 15. h3 Bxf3 16. Qxf3 c5 17. Be3 Qb6 18. Qd1 cxd4 19. Bxd4 Qc7 20. 0-0 Bg7 21. f4 0-0 22. Qg4 Rab8 23. Rab1 Nc5 24. b4 Nd7 25. Rfc1 Qb7 26. Na4 Qb5 27. Qd1 Rfc8 28. Kh2 Qb7 29. Qd3 Rxc1 30. Rxc1 Rc8 31. Rxc8+ Qxc8 32. Nc5 Nxc5 33. bxc5 Qc6 34. Qb3 Bf8 35. Qb6 Qc8 36. c6 f6 37. c7 fxe5 38. fxe5 Qe8 39. Qb8 Qf7 40. Be3 d4 41. Bh6 g5 42. Qxf8+ 1-0

[Event "ROM-ch U16"]
[Site "Calimanesti Caciulata"]
[Date "2016.04.24"]
[Round "8"]
[White "Carasca, Andrei Pavel"]
[Black "Ionita, Angel"]
[Result "1/2-1/2"]
[WhiteElo "1482"]
[BlackElo "1594"]
[PlyCount "79"]
[EventDate "2016.04.18"]
[EventType "swiss"]
[EventRounds "9"]
[EventCountry "ROU"]
[SourceTitle "EXT 2017"]
[Source "ChessBase"]
[SourceDate "2016.10.25"]
[SourceVersion "1"]
[SourceVersionDate "2016.10.25"]
[SourceQuality "1"]

1. d4 d5 2. c4 e6 3. Nc3 Nf6 4. cxd5 exd5 5. Bg5 Be7 6. Nf3 0-0 7. e3 c6 8. Qc2 Re8 9. Bd3 h6 10. Bh4 Nbd7 11. 0-0 b6 12. Ne5 Bb7 13. f4 c5 14. Bb5 Rf8 15. Be2 Qc8 16. Qf5 Nxe5 17. Qxe5 Qe6 18. Qxe6 fxe6 19. dxc5 bxc5 20. h3 a6 21. Bf2 Bc6 22. Rac1 Rfb8 23. b3 Bb5 24. Rfe1 Rd8 25. Bf3 Rab8 26. Rcd1 Rf8 27. g4 Kf7 28. Bg2 Nd7 29. f5 Nf6 30. Bg3 Bd6 31. Bh4 d4 32. fxe6+ Kxe6 33. Bxf6 gxf6 34. Bd5+ Kd7 35. exd4 cxd4 36. Nxb5 Rxb5 37. Bc4 Rg5 38. a4 Bf4 39. Re2 Be3+ 40. Kg2 1/2-1/2

[Event "ROM-ch U16"]
[Site "Calimanesti Caciulata"]
[Date "2016.04.20"]
[Round "3"]
[White "Carasca, Andrei Pavel"]
[Black "Cristian, Codrut"]
[Result "0-1"]
[WhiteElo "1482"]
[BlackElo "1604"]
[PlyCount "42"]
[EventDate "2016.04.18"]
[EventType "swiss"]
[EventRounds "9"]
[EventCountry "ROU"]
[SourceTitle "CBM 172 Extra"]
[Source "ChessBase"]
[SourceDate "2016.06.21"]
[SourceVersion "1"]
[SourceVersionDate "2016.06.21"]
[SourceQuality "1"]

1. d4 d5 2. c4 e6 3. Nc3 Be7 4. cxd5 exd5 5. Bf4 c6 6. Nf3 Nf6 7. h3 0-0 8. Qc2 g6 9. g4 Re8 10. e3 c5 11. 0-0-0 c4 12. g5 Nh5 13. h4 Bf5 14. Qd2 Nc6 15. a3 Na5 16. Re1 Nb3+ 17. Kd1 Nxd2 18. Nxd2 Qb6 19. Kc1 Qa5 20. Ncb1 Bxb1 21. Nxb1 Qxe1+ 0-1

[Event "ROM-ch U14"]
[Site "Calimanesti"]
[Date "2015.04.06"]
[Round "9"]
[White "Carasca, Andrei Pavel"]
[Black "Ionica, Ion Flavio"]
[Result "0-1"]
[WhiteElo "1397"]
[BlackElo "1299"]
[PlyCount "72"]
[EventDate "2015.03.30"]
[EventType "swiss"]
[EventRounds "9"]
[EventCountry "ROU"]
[SourceTitle "EXT 2016"]
[Source "ChessBase"]
[SourceDate "2015.10.08"]
[SourceVersion "1"]
[SourceVersionDate "2015.10.08"]
[SourceQuality "1"]

1. d4 d5 2. Nf3 e6 3. Bg5 Nf6 4. e3 Nbd7 5. Nbd2 Be7 6. Bd3 0-0 7. 0-0 h6 8. Bh4 c6 9. c4 b6 10. cxd5 exd5 11. Rc1 Bb7 12. Rc2 Rc8 13. Qe2 Ne4 14. Bxe7 Qxe7 15. Rfc1 Nxd2 16. Qxd2 Rc7 17. b4 a6 18. b5 axb5 19. Bxb5 Rfc8 20. Qe2 Qd6 21. Ba6 Bxa6 22. Qxa6 b5 23. Nd2 Nb8 24. Qa5 Qd7 25. Nb3 Ra7 26. Qc3 Qc7 27. Nc5 Nd7 28. Nxd7 Qxd7 29. Rb1 Ra4 30. Rxb5 Rc4 31. Qd3 cxb5 32. Rxc4 Rxc4 33. g3 Qa7 34. Qf5 Qxa2 35. Qxd5 Rc1+ 36. Kg2 Qxd5+ 0-1

[Event "ROM-ch U14"]
[Site "Calimanesti"]
[Date "2015.04.05"]
[Round "8"]
[White "Carasca, Andrei Pavel"]
[Black "Dobra, Robert Cristian"]
[Result "1-0"]
[WhiteElo "1397"]
[BlackElo "1121"]
[PlyCount "64"]
[EventDate "2015.03.30"]
[EventType "swiss"]
[EventRounds "9"]
[EventCountry "ROU"]
[SourceTitle "CBM 165 Extra"]
[Source "ChessBase"]
[SourceDate "2015.04.21"]
[SourceVersion "1"]
[SourceVersionDate "2015.04.21"]
[SourceQuality "1"]

1. d4 d5 2. c4 e6 3. Nc3 Nf6 4. Bg5 Be7 5. e3 0-0 6. Qb3 Nbd7 7. cxd5 Nxd5 8. Bxe7 Qxe7 9. e4 N5f6 10. Bd3 e5 11. d5 Nc5 12. Qc2 Bd7 13. Bc4 c6 14. Nf3 Rfd8 15. 0-0 b5 16. dxc6 Bxc6 17. Bxb5 Bxb5 18. Nxb5 Ncxe4 19. Rfe1 Qb4 20. Nc3 Rac8 21. a3 Qc4 22. Nxe5 Qd4 23. Rxe4 Nxe4 24. Qxe4 Qd2 25. Rb1 a6 26. Qf5 Rxc3 27. Qxf7+ Kh8 28. h3 Rc1+ 29. Rxc1 Qxc1+ 30. Kh2 Qxb2 31. Qe7 Qb8 32. Qxd8+ Qxd8 1-0

[Event "ROM-ch U14"]
[Site "Calimanesti"]
[Date "2015.04.02"]
[Round "4"]
[White "Axin, Andrei"]
[Black "Carasca, Andrei Pavel"]
[Result "1-0"]
[WhiteElo "1687"]
[BlackElo "1397"]
[PlyCount "49"]
[EventDate "2015.03.30"]
[EventType "swiss"]
[EventRounds "9"]
[EventCountry "ROU"]
[SourceTitle "CBM 165 Extra"]
[Source "ChessBase"]
[SourceDate "2015.04.21"]
[SourceVersion "1"]
[SourceVersionDate "2015.04.21"]
[SourceQuality "1"]

1. e4 c5 2. Nf3 d6 3. d4 cxd4 4. Nxd4 Nf6 5. Nc3 a6 6. Be2 e6 7. 0-0 b5 8. a3 Bb7 9. Bf3 Nbd7 10. Qe1 Qc7 11. Bg5 Be7 12. Bh4 Nc5 13. Bg3 g6 14. e5 Nfd7 15. exd6 Bxd6 16. Ndxb5 Qb6 17. Nxd6+ Ke7 18. Nxb7 Nxb7 19. Nd5+ Kd8 20. Nxb6 Nxb6 21. Bxb7 Ra7 22. Qc3 Rxb7 23. Qxh8+ Kd7 24. Rfd1+ Ke7 25. Qd8# 1-0